[Event "Moscow-Open 2021_A"]
[Site "Moscow"]
[Date "2021.02.20"]
[Round "1.7"]
[White "Stupak, Kirill"]
[Black "Neklyudov, Taras"]
[Result "*"]
[WhiteElo "2492"]
[BlackElo "1971"]
[PlyCount "105"]
[EventDate "2021.02.20"]

1. d4 d5 2. c4 e6 3. Nf3 Nf6 4. Nc3 Be7 5. Bf4 O-O 6. e3 dxc4 7. Bxc4 a6 8. Bd3
c5 9. dxc5 Bxc5 10. O-O Nc6 11. Rc1 Be7 12. e4 Nd7 13. Bb1 Nc5 14. Qe2 b6 15.
Rfd1 Qe8 16. e5 Kh8 17. Ne4 Bb7 18. Nd6 Bxd6 19. Rxd6 f5 20. exf6 gxf6 21. Be3
e5 22. b4 e4 23. bxc5 exf3 24. Qxf3 Rd8 25. Rxf6 Qe7 26. Bg5 Qg7 27. Qh5 Ne5
28. Bxh7 Rxf6 29. Bxf6 Qxf6 30. Be4+ Kg8 31. Qh7+ Kf8 32. Qxb7 bxc5 33. h3 Qf4
34. Rf1 Rd4 35. Bd5 Qf6 36. Qc8+ Kg7 37. Qxc5 Nd3 38. Qc7+ Kf8 39. Qc8+ Kg7 40.
Qg8+ Kh6 41. Qe6 Qxe6 42. Bxe6 Nf4 43. Bb3 a5 44. Rd1 Re4 45. Rd6+ Kg5 46. g3
Ne2+ 47. Kf1 Nc3 48. Rd3 Ne2 49. Rd5+ Kf6 50. Rxa5 Nd4 51. Ra4 Ke5 52. f4+ Kd6
53. Bc2 *

[Event "Moscow-Open 2021_A"]
[Site "Moscow"]
[Date "2021.02.20"]
[Round "1.8"]
[White "Maslovskiy, Vladimir"]
[Black "Faizrakhmanov, Ramil"]
[Result "*"]
[WhiteElo "1959"]
[BlackElo "2476"]
[PlyCount "86"]
[EventDate "2021.02.20"]

1. e4 c6 2. d4 d5 3. exd5 cxd5 4. Bd3 Nc6 5. c3 Qc7 6. h3 Nf6 7. Nf3 g6 8. O-O
Bf5 9. Re1 Bxd3 10. Qxd3 Bg7 11. Ne5 Nd7 12. Nxd7 Qxd7 13. Bf4 O-O 14. Nd2 e6
15. Nf3 Rfe8 16. Ne5 Nxe5 17. dxe5 Rac8 18. Rad1 Qa4 19. Bg5 Qxa2 20. Qb5 a6
21. Qxb7 Rb8 22. Qc6 Qxb2 23. Rb1 Qxb1 24. Rxb1 Rxb1+ 25. Kh2 Rbb8 26. Bf6 a5
27. Bxg7 Kxg7 28. Qa4 Ra8 29. h4 h5 30. f3 Rec8 31. Qf4 a4 32. Qf6+ Kg8 33. g4
a3 34. gxh5 gxh5 35. Qg5+ Kf8 36. Qh6+ Ke8 37. Qh8+ Kd7 38. Qxh5 Rf8 39. Qg4 a2
40. Qb4 Rfb8 41. Qd6+ Ke8 42. Qc6+ Kf8 43. Qd6+ Kg8 *

[Event "Moscow-Open 2021_A"]
[Site "Moscow"]
[Date "2021.02.20"]
[Round "1.9"]
[White "Nesterov, Arseniy"]
[Black "Zemlyanskii, Ivan"]
[Result "*"]
[WhiteElo "2476"]
[BlackElo "1950"]
[PlyCount "101"]
[EventDate "2021.02.20"]

1. d4 Nf6 2. c4 e6 3. Nf3 a6 4. Nc3 d5 5. cxd5 exd5 6. Bg5 Be6 7. Bxf6 Qxf6 8.
Qb3 Ra7 9. g3 Qd8 10. h4 c5 11. Bg2 Nc6 12. Qd1 h6 13. O-O Be7 14. dxc5 Bxc5
15. Rc1 O-O 16. Na4 Be7 17. Nd4 Nxd4 18. Qxd4 Ra8 19. Nb6 Bf6 20. Qb4 Rb8 21.
Rfd1 d4 22. a3 Qe8 23. Bf3 Be5 24. Qc5 Bb3 25. Rd3 Qe6 26. Nd7 Qxd7 27. Qxe5
Be6 28. Rxd4 Qe8 29. Rc7 Rc8 30. Bxb7 Rd8 31. Bxa6 Rxd4 32. Qxd4 Qb8 33. Rc1
Rd8 34. Qc3 Qa8 35. Bb5 Bh3 36. Bc6 Qa6 37. Bf3 Be6 38. b4 Qa4 39. Bc6 Rd1+ 40.
Kh2 Rxc1 41. Qxc1 Qa7 42. Qe3 Qc7 43. Qc5 Qd8 44. b5 Qd1 45. b6 Qf1 46. b7 Qb1
47. Qa7 Qf5 48. b8=Q+ Kh7 49. Qd4 Qh3+ 50. Kg1 Bg4 51. Bg2 *

[Event "Moscow-Open 2021_A"]
[Site "Moscow"]
[Date "2021.02.20"]
[Round "1.10"]
[White "Bachaliashvili, Eduard"]
[Black "Makarian, Rudik"]
[Result "*"]
[WhiteElo "1949"]
[BlackElo "2458"]
[PlyCount "95"]
[EventDate "2021.02.20"]

1. e4 c6 2. d4 d5 3. e5 c5 4. c4 cxd4 5. Nf3 Nc6 6. Nxd4 dxc4 7. Nxc6 Qxd1+ 8.
Kxd1 bxc6 9. Bxc4 Bf5 10. Nc3 e6 11. Be3 Bb4 12. Ke2 Ne7 13. Ba6 Rb8 14. Na4
Nd5 15. Rac1 Be7 16. Bc5 Bxc5 17. Rxc5 Rb4 18. Rc4 Nf4+ 19. Kf3 Rxc4 20. Bxc4
Ng6 21. Re1 Ke7 22. g4 Bc2 23. Nc5 h5 24. h3 hxg4+ 25. hxg4 Rh3+ 26. Kg2 Nf4+
27. Kg1 Rh4 28. f3 Rh3 29. Rc1 Rg3+ 30. Kh1 Rg2 31. b4 Rf2 32. Bb3 Bg6 33. Rd1
Nd5 34. b5 Bc2 35. Rc1 Bxb3 36. Nxb3 cxb5 37. Nd4 Rxa2 38. Nxb5 Kd7 39. Nd6 f6
40. exf6 gxf6 41. Ne4 a5 42. Re1 a4 43. Nc5+ Kd6 44. Nxe6 a3 45. Nd4 Rb2 46.
Rg1 a2 47. Nf5+ Ke5 48. Rc1 *

[Event "Moscow-Open 2021_A"]
[Site "Moscow"]
[Date "2021.02.20"]
[Round "1.11"]
[White "Korchmar, Vasiliy"]
[Black "Rudakov, Sergey S"]
[Result "*"]
[WhiteElo "2451"]
[BlackElo "1926"]
[PlyCount "101"]
[EventDate "2021.02.20"]

1. d4 d5 2. c4 c6 3. Nc3 Nf6 4. e3 e6 5. Nf3 Bd6 6. Bd3 Nbd7 7. O-O dxc4 8.
Bxc4 b5 9. Bd3 a6 10. a4 Bb7 11. e4 e5 12. dxe5 Nxe5 13. Nxe5 Bxe5 14. f4 Bd4+
15. Kh1 h5 16. Qf3 Ng4 17. Nd1 Qb6 18. Bd2 c5 19. axb5 axb5 20. Rxa8+ Bxa8 21.
b3 Bc6 22. Qe2 Qb7 23. Nc3 O-O 24. h3 b4 25. Nd5 Bxd5 26. exd5 Nf6 27. Bc4 Re8
28. Qf3 Qd7 29. Re1 Rxe1+ 30. Bxe1 Qf5 31. Kh2 Qe4 32. Qxe4 Nxe4 33. g4 hxg4
34. hxg4 Nd6 35. Bd3 Kf8 36. Kg2 Ke7 37. Kf3 f6 38. Bg3 Kd7 39. f5 Ke7 40. Bf4
Kd7 41. g5 Ke7 42. Kg4 Ne8 43. Bg3 Kf7 44. Bh4 Ke7 45. Kf4 Kf7 46. Be2 Ke7 47.
Bb5 Nd6 48. Ba4 Nc8 49. Be1 Nd6 50. Kg4 Be5 51. Kh5 *

[Event "Moscow-Open 2021_A"]
[Site "Moscow"]
[Date "2021.02.20"]
[Round "1.12"]
[White "Nikolaev, Matvei"]
[Black "Zarubitski, Viachaslau"]
[Result "*"]
[WhiteElo "1925"]
[BlackElo "2446"]
[PlyCount "72"]
[EventDate "2021.02.20"]

1. e4 e6 2. d4 b6 3. Nc3 Bb7 4. Nf3 d5 5. exd5 exd5 6. Bb5+ c6 7. Bd3 Nf6 8.
O-O Be7 9. Re1 O-O 10. Bg5 c5 11. Qd2 Nbd7 12. Rad1 Re8 13. Bf5 cxd4 14. Qxd4
h6 15. Bh4 Nc5 16. b4 Nce4 17. Nxe4 dxe4 18. Qb2 Qc7 19. Nd4 Rad8 20. Bg3 Qc4
21. a3 g6 22. Bh3 Nh5 23. Be5 Bh4 24. Bg3 Bf6 25. c3 Bc8 26. Qe2 Qxe2 27. Rxe2
Bxh3 28. gxh3 Bg7 29. Red2 f5 30. Bc7 Rc8 31. Nb5 e3 32. fxe3 Rxe3 33. Rd7 Nf6
34. R7d3 Rxd3 35. Rxd3 a6 36. Bxb6 axb5 *

[Event "Moscow-Open 2021_A"]
[Site "Moscow"]
[Date "2021.02.20"]
[Round "1.13"]
[White "Kukhmazov, Arsen"]
[Black "Lauda, Alexandr"]
[Result "*"]
[WhiteElo "2442"]
[BlackElo "1923"]
[PlyCount "61"]
[EventDate "2021.02.20"]

1. d4 b5 2. e4 a6 3. Nf3 Bb7 4. Bd3 e6 5. O-O c5 6. c3 Nf6 7. Nbd2 d5 8. e5
Nfd7 9. Re1 Be7 10. Nf1 Nc6 11. a4 b4 12. cxb4 c4 13. Bb1 Bxb4 14. Bd2 a5 15.
Ng3 Qb6 16. Bc3 Be7 17. Nh5 O-O-O 18. Qd2 g6 19. Nf4 g5 20. Ne2 Rdg8 21. g4 h5
22. h3 hxg4 23. hxg4 Ncxe5 24. dxe5 d4 25. Bxd4 Bxf3 26. Ng3 Bc5 27. Bxc5 Nxc5
28. Qe3 Qc6 29. Ra3 Bd5 30. Nh5 Nb3 31. Rxb3 *

[Event "Moscow-Open 2021_A"]
[Site "Moscow"]
[Date "2021.02.20"]
[Round "1.14"]
[White "Kalambetov, Anton"]
[Black "Lazavik, Denis"]
[Result "*"]
[WhiteElo "1916"]
[BlackElo "2442"]
[PlyCount "106"]
[EventDate "2021.02.20"]

1. e4 e5 2. Nf3 Nc6 3. d4 exd4 4. Nxd4 Qf6 5. Nxc6 Bc5 6. Qf3 dxc6 7. Bc4 Qxf3
8. gxf3 Nf6 9. Be3 Bd6 10. Nc3 Nh5 11. Ne2 g6 12. O-O-O Be6 13. Bxe6 fxe6 14.
f4 Rf8 15. e5 Be7 16. h4 c5 17. Rdg1 b6 18. Rg4 Kf7 19. Ng3 Rg8 20. Kd2 Ng7 21.
h5 gxh5 22. Nxh5 Nxh5 23. Rxg8 Rxg8 24. Rxh5 Kg6 25. Rh1 h5 26. Kd3 h4 27. Ke4
c4 28. Rg1+ Kf7 29. Rxg8 Kxg8 30. f5 h3 31. Bf4 Bc5 32. fxe6 Bxf2 33. Bh2 Kf8
34. Kd5 Ke7 35. Kxc4 Kxe6 36. b4 c6 37. c3 b5+ 38. Kd3 Kd5 39. Ke2 Bh4 40. Kf3
Be1 41. Kg4 Bxc3 42. Kf5 Bxb4 43. Kf6 Bc3 44. Kf5 Bxe5 45. Bxe5 b4 46. Bf4 a5
47. Kg4 a4 48. Kxh3 b3 49. axb3 axb3 50. Bc1 c5 51. Kg3 c4 52. Bb2 Ke4 53. Kf2
Kd3 *

[Event "Moscow-Open 2021_A"]
[Site "Moscow"]
[Date "2021.02.20"]
[Round "1.15"]
[White "Suleymenov, Alisher"]
[Black "Gaer, Igor"]
[Result "*"]
[WhiteElo "2440"]
[BlackElo "1916"]
[PlyCount "89"]
[EventDate "2021.02.20"]

1. d4 Nf6 2. c4 e6 3. Nc3 Bb4 4. f3 c5 5. d5 O-O 6. e4 d6 7. Nge2 b5 8. Nf4 e5
9. Nfe2 Nh5 10. g4 Qh4+ 11. Kd2 Nf6 12. Qe1 Qxe1+ 13. Kxe1 bxc4 14. Ng3 g6 15.
Bxc4 Ba6 16. Be2 Kg7 17. h4 Bxc3+ 18. bxc3 Bxe2 19. Kxe2 Nbd7 20. h5 Rfb8 21.
Nf1 Rb5 22. hxg6 fxg6 23. Bh6+ Kf7 24. Nd2 Ne8 25. a4 Rb2 26. a5 Rab8 27. Be3
Ndf6 28. Kd3 Ke7 29. Nc4 R2b5 30. f4 exf4 31. Bxf4 h5 32. gxh5 Nxh5 33. Bh2 Rd8
34. Rhg1 Kf6 35. e5+ dxe5 36. Bxe5+ Kf7 37. Raf1+ Nhf6 38. Bxf6 Rxd5+ 39. Ke4
Nxf6+ 40. Rxf6+ Kxf6 41. Kxd5 Rb3 42. Rg3 Kf5 43. Nd6+ Kf4 44. Rxg6 Rxc3 45.
Nc4 *

[Event "Moscow-Open 2021_A"]
[Site "Moscow"]
[Date "2021.02.20"]
[Round "1.16"]
[White "Galkin, Leonid"]
[Black "Bykov, Egor"]
[Result "*"]
[WhiteElo "1914"]
[BlackElo "2436"]
[PlyCount "90"]
[EventDate "2021.02.20"]

1. e4 e5 2. Nf3 Nc6 3. d4 exd4 4. Nxd4 Nf6 5. Nxc6 bxc6 6. e5 Qe7 7. Qe2 Nd5 8.
c4 Nb6 9. b3 a5 10. g3 a4 11. Ba3 Qe6 12. Bg2 axb3 13. axb3 Bb4+ 14. Bxb4 Rxa1
15. O-O Bb7 16. Qb2 Ra7 17. Bc5 Kd8 18. Nd2 Re8 19. Nf3 Kc8 20. Re1 Qg4 21. Qd2
Kb8 22. h3 Qg6 23. Qf4 Ra6 24. Nh4 Qe6 25. Nf5 Rg8 26. Nd4 Qe8 27. Re3 Nc8 28.
Qh4 Qd8 29. Qxd8 Rxd8 30. Nf5 d6 31. Rd3 g6 32. Nh6 Re8 33. exd6 cxd6 34. Bxd6+
Nxd6 35. Rxd6 f5 36. g4 f4 37. Rf6 g5 38. Nf7 Ra1+ 39. Kh2 Re2 40. Nxg5 Rxf2
41. Rf8+ Ka7 42. Ne4 Re2 43. Nd6 Raa2 44. Rf7 Rxg2+ 45. Kh1 Rgd2 *

[Event "Moscow-Open 2021_A"]
[Site "Moscow"]
[Date "2021.02.20"]
[Round "1.17"]
[White "Badelka, Olga"]
[Black "Utemisov, Damir"]
[Result "*"]
[WhiteElo "2428"]
[BlackElo "1894"]
[PlyCount "133"]
[EventDate "2021.02.20"]

1. Nf3 d5 2. g3 Nc6 3. d4 Bf5 4. Bg2 e6 5. O-O Nf6 6. c4 Nb4 7. Na3 c6 8. Qb3
a5 9. Bd2 Be7 10. c5 b6 11. Rac1 bxc5 12. dxc5 Nd7 13. Nd4 Nxc5 14. Qe3 Qd6 15.
Nxf5 exf5 16. Nc2 Ne6 17. Nd4 Nxd4 18. Qxd4 O-O 19. Bf4 Qe6 20. a3 Na6 21. Qb6
Rfc8 22. Qxa5 Nc5 23. Qc3 Na4 24. Qc2 Bf6 25. Rb1 Nb6 26. Rfe1 Nc4 27. a4 g6
28. Bc1 Qe5 29. b3 Qc3 30. Qxc3 Bxc3 31. Rd1 Na5 32. Bf4 Bb4 33. f3 Re8 34. Kf1
Re7 35. e4 fxe4 36. fxe4 dxe4 37. Rd4 c5 38. Rxe4 Rxe4 39. Bxe4 Rd8 40. Ke2 Rd4
41. Bd3 Rd5 42. Bb5 g5 43. Be3 h6 44. Kf3 Re5 45. h4 f6 46. Rd1 Kf7 47. h5 f5
48. Rd8 g4+ 49. Kf2 Be1+ 50. Kxe1 Rxe3+ 51. Kf2 Rf3+ 52. Ke2 Nxb3 53. Bc4+ Ke7
54. Rh8 Nd4+ 55. Ke1 Rxg3 56. Rxh6 Rc3 57. Bd5 Ra3 58. Rg6 Nc2+ 59. Kf2 Nb4 60.
Bc4 Rf3+ 61. Kg1 Rf4 62. Bb3 Ke8 63. Rg8+ Ke7 64. Rg7+ Kf6 65. h6 Re4 66. Rf7+
Kg6 67. Rd7 *

[Event "Moscow-Open 2021_A"]
[Site "Moscow"]
[Date "2021.02.20"]
[Round "1.18"]
[White "Ponomarev, Andrey A"]
[Black "Savitskiy, Sergey"]
[Result "*"]
[WhiteElo "1893"]
[BlackElo "2427"]
[PlyCount "82"]
[EventDate "2021.02.20"]

1. e4 c5 2. Nf3 d6 3. d4 cxd4 4. Nxd4 Nf6 5. Nc3 a6 6. Be3 Ng4 7. Bc1 Nc6 8. h3
Nge5 9. Be3 Nxd4 10. Qxd4 Nc6 11. Qd2 e6 12. O-O-O Be7 13. Bf4 Ne5 14. Qe3 Qa5
15. Bh2 b5 16. f4 Nc6 17. Kb1 O-O 18. g4 Rb8 19. f5 Ne5 20. f6 Bxf6 21. Rxd6 b4
22. Nd1 g6 23. Be2 Bg7 24. Rf1 Bb7 25. Nf2 Rfd8 26. Rfd1 Rxd6 27. Rxd6 Qc7 28.
Rd1 Rc8 29. Rc1 Qe7 30. Bxe5 Bxe5 31. Nd3 Bf6 32. Rf1 Bg5 33. Qd4 a5 34. Ne5
Bf6 35. Nxg6 Qc7 36. Qd3 hxg6 37. Rxf6 Qe5 38. Rxf7 Kxf7 39. Qd7+ Kg8 40. Qxb7
Qc5 41. Bd1 Rd8 *

[Event "Moscow-Open 2021_A"]
[Site "Moscow"]
[Date "2021.02.20"]
[Round "1.19"]
[White "Kardashevskiy, Evgeny"]
[Black "Gornostaev, Yakov"]
[Result "*"]
[WhiteElo "2427"]
[BlackElo "1888"]
[PlyCount "91"]
[EventDate "2021.02.20"]

1. d4 Nf6 2. Nf3 e6 3. c4 Bb4+ 4. Bd2 a5 5. g3 O-O 6. Bg2 Nc6 7. O-O Bxd2 8.
Qxd2 d6 9. Nc3 Qe7 10. Rac1 Rd8 11. d5 Ne5 12. Nxe5 dxe5 13. Qc2 Rb8 14. Rfd1
b6 15. Nb5 Qc5 16. Qb3 Bd7 17. Nc3 Be8 18. Rd2 b5 19. cxb5 Bxb5 20. Qd1 Qd6 21.
Rcc2 exd5 22. Bxd5 Be8 23. Bxf7+ Bxf7 24. Rxd6 cxd6 25. b3 d5 26. Qd2 d4 27.
Na4 e4 28. Rc7 e3 29. Qc2 exf2+ 30. Kxf2 Bg6 31. Qc4+ Kh8 32. Nc5 Ng4+ 33. Ke1
Ne3 34. Qe6 Rf8 35. Kd2 Rbe8 36. Qd7 Rg8 37. Qxd4 Nf1+ 38. Kd1 Nxh2 39. Nd3 Nf1
40. Nf4 Bf5 41. Qc3 Re3 42. Qc5 Bg4 43. Ke1 Bxe2 44. Nxe2 Rge8 45. Kxf1 Rxe2
46. Rc8 *

[Event "Moscow-Open 2021_A"]
[Site "Moscow"]
[Date "2021.02.20"]
[Round "1.20"]
[White "Akhmedov, David"]
[Black "Smirnov, Timofey"]
[Result "*"]
[WhiteElo "1866"]
[BlackElo "2414"]
[PlyCount "121"]
[EventDate "2021.02.20"]

1. Nf3 d5 2. g3 g6 3. Bg2 Bg7 4. O-O e5 5. d3 Ne7 6. c4 O-O 7. Nbd2 c6 8. Rb1
b6 9. b4 Bb7 10. Bb2 Nd7 11. e3 Qc7 12. a3 Rad8 13. Qb3 c5 14. cxd5 Bxd5 15.
Qc2 Rc8 16. Rbc1 Qb8 17. Qb1 Rfd8 18. Qa1 f6 19. Rfd1 Qb7 20. Ne1 Bxg2 21. Nxg2
Qd5 22. d4 cxd4 23. Rxc8 Rxc8 24. exd4 exd4 25. Nf4 Qf7 26. Bxd4 Nf5 27. Ne4
Re8 28. Nd2 Ne5 29. Ng2 Qd5 30. Bxe5 fxe5 31. Qc1 Rd8 32. Qc7 Bh6 33. Ne1 Bxd2
34. Nf3 Nd4 35. Nxd2 Nb3 36. Nxb3 Qxd1+ 37. Kg2 Qd5+ 38. Kg1 Rf8 39. Qc2 Rd8
40. Qc7 Qd7 41. Qc4+ Qf7 42. Qc2 Qf3 43. Nd2 Qd3 44. Qc4+ Qxc4 45. Nxc4 e4 46.
Kf1 Rd3 47. Ke2 Rc3 48. Nd6 Rxa3 49. Nxe4 Rb3 50. Nf6+ Kf7 51. Nxh7 Rxb4 52.
Ng5+ Kf6 53. Nf3 a5 54. Kd3 Rb3+ 55. Ke4 a4 56. Nd4 Rb2 57. Kd3 a3 58. Kc3 b5
59. Nc2 b4+ 60. Nxb4 Rxb4 61. Kxb4 *

[Event "Moscow-Open 2021_A"]
[Site "Moscow"]
[Date "2021.02.20"]
[Round "1.21"]
[White "Plyasunov, Daniil"]
[Black "Ekimov, Pavel"]
[Result "*"]
[WhiteElo "2025"]
[BlackElo "1853"]
[PlyCount "80"]
[EventDate "2021.02.20"]

1. d4 d5 2. Nf3 Nf6 3. Bf4 e6 4. c3 Bd6 5. Bg3 Ne4 6. Nbd2 f5 7. Nxe4 fxe4 8.
Ne5 O-O 9. e3 Nd7 10. Bb5 Bxe5 11. dxe5 Qg5 12. h4 Qf5 13. Bxd7 Bxd7 14. Bf4
Bb5 15. g4 Qf7 16. g5 c5 17. Qg4 Qf5 18. Qxf5 Rxf5 19. O-O-O Bd3 20. b3 b5 21.
Kb2 a5 22. a3 c4 23. b4 axb4 24. axb4 Rf7 25. Ra1 Rfa7 26. Rxa7 Rxa7 27. h5 g6
28. hxg6 hxg6 29. Bg3 Be2 30. Rc1 Bf3 31. Ra1 Rxa1 32. Kxa1 Kf7 33. Kb2 Kg8 34.
Kc1 Kf7 35. Kd2 Kg8 36. Bf4 Kf7 37. Bg3 Kg8 38. Bf4 Kf7 39. Bg3 Kg8 40. Bf4 Kf7
*

[Event "Moscow-Open 2021_A"]
[Site "Moscow"]
[Date "2021.02.20"]
[Round "1.22"]
[White "Rakitin, Daniil"]
[Black "Manelyuk, Daniil"]
[Result "*"]
[WhiteElo "1851"]
[BlackElo "2386"]
[PlyCount "123"]
[EventDate "2021.02.20"]

1. d4 Nf6 2. c4 c5 3. d5 b5 4. cxb5 a6 5. b6 Qxb6 6. Nc3 g6 7. a4 d6 8. a5 Qb7
9. e4 Bg7 10. f4 O-O 11. Nf3 Re8 12. Bc4 Bd7 13. O-O Bb5 14. Qb3 Nbd7 15. e5
Ng4 16. Nxb5 axb5 17. Qxb5 Qa7 18. h3 Nh6 19. Bd2 Reb8 20. Qa4 Nb6 21. Qc2 Nxc4
22. Qxc4 Rxb2 23. Bc3 Rb7 24. g4 f5 25. g5 Nf7 26. Rfb1 Rxb1+ 27. Rxb1 Qc7 28.
Nd4 dxe5 29. Ne6 Qa7 30. Nxg7 Kxg7 31. h4 Nd6 32. Bxe5+ Kg8 33. Bxd6 exd6 34.
Qe2 Qf7 35. Qe6 Qxe6 36. dxe6 Kf8 37. h5 Ke7 38. Rb7+ Kxe6 39. h6 Rxa5 40. Rxh7
c4 41. Kf2 Kd5 42. Rg7 Ra2+ 43. Kg3 Ra8 44. Rc7 Kd4 45. Rc6 Kd5 46. Rc7 Rd8 47.
Kf3 Kd4 48. Ke2 d5 49. Rc6 Rg8 50. Kd2 Ra8 51. Rxg6 Ra2+ 52. Ke1 Rh2 53. Rc6 c3
54. Rc7 Ke3 55. Rxc3+ Kxf4 56. Rd3 Ke4 57. Ra3 f4 58. Ra7 f3 59. h7 Kf5 60.
Rf7+ Kxg5 61. Rxf3 Rxh7 62. Ke2 *

[Event "Moscow-Open 2021_A"]
[Site "Moscow"]
[Date "2021.02.20"]
[Round "1.23"]
[White "Assaubayeva, Bibisara"]
[Black "Pranizin, Evgeny"]
[Result "*"]
[WhiteElo "2378"]
[BlackElo "1850"]
[PlyCount "43"]
[EventDate "2021.02.20"]

1. d4 Nf6 2. c4 e6 3. Nf3 d5 4. Nc3 Be7 5. Bf4 O-O 6. e3 b6 7. Qc2 c6 8. Bd3
Bb7 9. O-O Na6 10. a3 Nc7 11. e4 dxe4 12. Nxe4 Nce8 13. Rad1 Nxe4 14. Bxe4 Nf6
15. Bd3 Rc8 16. Rfe1 Re8 17. Ne5 Bf8 18. Re3 Qe7 19. Bg5 h6 20. Bh7+ Kh8 21.
Bg6 hxg5 22. Bxf7 *

[Event "Moscow-Open 2021_A"]
[Site "Moscow"]
[Date "2021.02.20"]
[Round "1.24"]
[White "Korshunov, Sergey And"]
[Black "Murtazin, Bulat"]
[Result "*"]
[WhiteElo "1847"]
[BlackElo "2355"]
[PlyCount "62"]
[EventDate "2021.02.20"]

1. d4 Nf6 2. c4 g6 3. Nc3 Bg7 4. e4 O-O 5. Be3 c6 6. f3 d5 7. e5 Ne8 8. c5 f6
9. f4 Bh6 10. Nf3 fxe5 11. Nxe5 Bxf4 12. Bxf4 Rxf4 13. Qd2 Rf6 14. O-O-O Ng7
15. h4 Nd7 16. Ng4 Rf8 17. Bd3 Nf6 18. Ne5 Ng4 19. h5 gxh5 20. Rxh5 Nxh5 21.
Qg5+ Ng7 22. Bxh7+ Kxh7 23. Rh1+ Kg8 24. Ng6 Rf5 25. Nxe7+ Kf7 26. Qg6+ Kxe7
27. Qxg7+ Rf7 28. Re1+ Be6 29. Qxg4 Rf6 30. Qg7+ Ke8 31. Nd1 Qe7 *

[Event "Moscow-Open 2021_A"]
[Site "Moscow"]
[Date "2021.02.20"]
[Round "1.25"]
[White "Gubajdullin, Alexei"]
[Black "Minakov, Artemij"]
[Result "*"]
[WhiteElo "2347"]
[BlackElo "1837"]
[PlyCount "41"]
[EventDate "2021.02.20"]

1. d4 c5 2. d5 Nf6 3. Nc3 d6 4. e4 g6 5. h3 Bg7 6. Nf3 Na6 7. Bc4 Nc7 8. a4 b6
9. e5 dxe5 10. Nxe5 O-O 11. O-O Bb7 12. Nc6 Qd7 13. Re1 Rfe8 14. Ne5 Qd6 15.
Bf4 Nfxd5 16. Bg3 Qd8 17. Nxf7 Kxf7 18. Bxc7 Qxc7 19. Nxd5 Bxd5 20. Bxd5+ e6
21. Bxa8 *

[Event "Moscow-Open 2021_A"]
[Site "Moscow"]
[Date "2021.02.20"]
[Round "1.26"]
[White "Vershinin, Igor"]
[Black "Kavyev, Ruslan"]
[Result "*"]
[WhiteElo "1835"]
[BlackElo "2339"]
[PlyCount "88"]
[EventDate "2021.02.20"]

1. Nf3 Nf6 2. d4 g6 3. Nbd2 d5 4. e3 c5 5. dxc5 Bg7 6. c4 O-O 7. cxd5 Qxd5 8.
Bc4 Qxc5 9. Qc2 Na6 10. Nb3 Qc7 11. Qe2 Bg4 12. Bxa6 bxa6 13. h3 Be6 14. Nbd2
Nd5 15. a3 Bd7 16. Qxa6 Rab8 17. Qc4 Qb7 18. a4 Rfc8 19. Qe2 Bxa4 20. O-O Bb5
21. Qd1 Bxf1 22. Nxf1 Qb3 23. Qxb3 Rxb3 24. Bd2 Rc7 25. e4 Bxb2 26. Ra5 Nc3 27.
Ng3 Ra3 28. Bxc3 Rcxc3 29. Rd5 Rc7 30. h4 h5 31. e5 Kg7 32. Rb5 Bc1 33. Ne4 Bf4
34. Rb1 Rc1+ 35. Rxc1 Bxc1 36. Nc5 a5 37. e6 Ra1 38. Kh2 a4 39. exf7 a3 40. Kg3
Kxf7 41. Ne5+ Ke8 42. Ned3 Rb1 43. Ne4 a2 44. Nc3 a1=Q *

[Event "Moscow-Open 2021_A"]
[Site "Moscow"]
[Date "2021.02.20"]
[Round "1.27"]
[White "Zakaryan, David"]
[Black "Finkelstein, Alexander"]
[Result "*"]
[WhiteElo "2335"]
[BlackElo "1833"]
[PlyCount "124"]
[EventDate "2021.02.20"]

1. d4 e6 2. c4 d5 3. Nc3 Nf6 4. cxd5 exd5 5. Bg5 Nbd7 6. e3 Be7 7. Bd3 O-O 8.
Nf3 b6 9. Qc2 Bb7 10. O-O-O c5 11. h4 c4 12. Bf5 a6 13. Ne5 h6 14. g4 Nxe5 15.
dxe5 Ne8 16. Nxd5 Bxg5 17. hxg5 Bxd5 18. Rh5 Ra7 19. e4 g6 20. Rxd5 Qe7 21.
Rxh6 Qxg5+ 22. Qd2 Qxd2+ 23. Kxd2 gxf5 24. exf5 f6 25. Rg6+ Rg7 26. Rxg7+ Kxg7
27. Rd7+ Kh6 28. e6 Kg5 29. f3 Kf4 30. Ke2 Rh8 31. Rd4+ Ke5 32. Ke3 Rh3 33. Rd8
Nc7 34. e7 b5 35. a3 a5 36. Rd7 Ne8 37. Rd8 Nc7 38. e8=Q+ Nxe8 39. Rxe8+ Kd5
40. Rd8+ Kc5 41. g5 fxg5 42. f6 g4 43. Ke4 Rxf3 44. Ke5 b4 45. Rd5+ Kb6 46. Rd4
c3 47. bxc3 bxc3 48. Rxg4 Kb5 49. Ke4 c2 50. Rg1 Rxf6 51. Kd3 Rc6 52. Kd2 Ka4
53. Kc1 Kxa3 54. Rg3+ Ka2 55. Rg2 Rh6 56. Rxc2+ Kb3 57. Kb1 Rh1+ 58. Rc1 Rh2
59. Rg1 Rh3 60. Ka1 a4 61. Rb1+ Ka3 62. Rg1 Kb4 *

[Event "Moscow-Open 2021_A"]
[Site "Moscow"]
[Date "2021.02.20"]
[Round "1.28"]
[White "Kuznetsov, Ivan V"]
[Black "Tsoi, Dmitry"]
[Result "*"]
[WhiteElo "1831"]
[BlackElo "2334"]
[PlyCount "48"]
[EventDate "2021.02.20"]

1. e4 g6 2. d4 Bg7 3. Nf3 d6 4. Nc3 a6 5. Be3 b5 6. a3 Bb7 7. h3 Nd7 8. Qd2
Ngf6 9. d5 c6 10. dxc6 Bxc6 11. Bd3 Nc5 12. Bxc5 dxc5 13. Qe3 Nd7 14. O-O O-O
15. Rfe1 e6 16. Bf1 Qc7 17. Rab1 Rfd8 18. g3 Rab8 19. Rbd1 Ne5 20. Nxe5 Bxe5
21. b3 Bd4 22. Qf3 f5 23. Rd3 Qg7 24. Bg2 Rf8 *

[Event "Moscow-Open 2021_A"]
[Site "Moscow"]
[Date "2021.02.20"]
[Round "1.29"]
[White "Vlassov, Nikolai"]
[Black "Amirdzhanyan, Vladimir"]
[Result "*"]
[WhiteElo "2331"]
[BlackElo "1828"]
[PlyCount "155"]
[EventDate "2021.02.20"]

1. e4 c5 2. c3 Nf6 3. e5 Nd5 4. d4 cxd4 5. cxd4 d6 6. Bc4 Nb6 7. Bb3 dxe5 8.
Qh5 e6 9. dxe5 Nc6 10. Nc3 Be7 11. Nf3 Qd3 12. Be3 O-O 13. Rc1 Qg6 14. Qh3 h5
15. g3 Nd7 16. Bc2 Qg4 17. Qg2 Ndxe5 18. Nxe5 Nxe5 19. f4 Nc4 20. Qe4 f5 21.
Qxc4 Qf3 22. Kd2 Rd8+ 23. Bd3 Qg2+ 24. Ne2 b5 25. Qb3 a5 26. Rhg1 Qh3 27. Ke1
a4 28. Qxb5 Ba6 29. Qxa6 Rxa6 30. Bxa6 Qg4 31. Kf2 e5 32. h3 Qxh3 33. fxe5 h4
34. Bc4+ Kh7 35. Nf4 Qh2+ 36. Rg2 hxg3+ 37. Kf3 Qh4 38. Rxg3 g5 39. Rgg1 gxf4
40. Rh1 fxe3 41. Rxh4+ Bxh4 42. Be6 Kg6 43. Rc6 Kg7 44. Bxf5 Rd5 45. Rc4 Rxe5
46. Bd3 Bf6 47. Rxa4 Rd5 48. Ra7+ Kf8 49. Bc4 Rd6 50. b4 Bd4 51. Rc7 Ke8 52. a4
Kd8 53. Rh7 Rc6 54. Be2 Re6 55. a5 Kc8 56. b5 Kb8 57. Rd7 Bc5 58. Rd5 Ba7 59.
Kf4 Kc7 60. Rd1 Rd6 61. Rc1+ Kb8 62. Bf3 Rf6+ 63. Ke4 Rd6 64. Ke5 Rg6 65. Rh1
Rg5+ 66. Kd6 Rg6+ 67. Kd5 Rg5+ 68. Kc4 Rc5+ 69. Kb4 Rf5 70. Rh8+ Kc7 71. Rh7+
Kb8 72. Rb7+ Kc8 73. Rxa7 Rxf3 74. Re7 Rf4+ 75. Kc5 Rf5+ 76. Kb6 Rf6+ 77. Ka7
Rf5 78. Ka6 *

[Event "Moscow-Open 2021_A"]
[Site "Moscow"]
[Date "2021.02.20"]
[Round "1.30"]
[White "Khripachenko, Alexander"]
[Black "Maltsevskaya, Aleksandra"]
[Result "*"]
[WhiteElo "1825"]
[BlackElo "2327"]
[PlyCount "66"]
[EventDate "2021.02.20"]

1. d4 Nf6 2. c4 b6 3. Bg5 Bb7 4. Nc3 g6 5. Nf3 Bg7 6. e3 Ne4 7. Nxe4 Bxe4 8.
Be2 c5 9. O-O O-O 10. Qd2 h6 11. Bh4 d6 12. Rfd1 Nc6 13. Rac1 Rb8 14. h3 a6 15.
b3 Qd7 16. a3 g5 17. Bg3 f5 18. d5 Na5 19. Qa2 Bxf3 20. Bxf3 b5 21. cxb5 Qxb5
22. b4 cxb4 23. axb4 Qxb4 24. Rc7 Bf6 25. Qc2 Rb7 26. Rxb7 Qxb7 27. Qxf5 Bg7
28. Qe6+ Kh8 29. Qg6 Rf6 30. Qe8+ Rf8 31. Qg6 Rf6 32. Qe8+ Rf8 33. Qg6 Rf6 *

[Event "Moscow-Open 2021_A"]
[Site "Moscow"]
[Date "2021.02.20"]
[Round "1.31"]
[White "Safin, Robert"]
[Black "Andreev, Konstantin"]
[Result "*"]
[WhiteElo "2283"]
[BlackElo "1819"]
[PlyCount "67"]
[EventDate "2021.02.20"]

1. d4 Nf6 2. c4 e6 3. g3 d5 4. Nf3 Be7 5. Bg2 O-O 6. O-O c6 7. Qc2 b6 8. Rd1
Ba6 9. b3 Nbd7 10. Nc3 dxc4 11. bxc4 Bxc4 12. e4 Ba6 13. e5 Nd5 14. Ne4 h6 15.
g4 Rc8 16. g5 c5 17. gxh6 cxd4 18. Qa4 Be2 19. hxg7 Kxg7 20. Rxd4 Bxf3 21. Bxf3
Nxe5 22. Bg2 f5 23. Bb2 Kf7 24. Ng3 Bd6 25. Rad1 Qe8 26. Qxa7+ Rc7 27. Qa6 Nc6
28. Rxd5 exd5 29. Bxd5+ Kg6 30. Rd2 Nb4 31. Qxb6 Nxd5 32. Rxd5 Rc6 33. Qb3 Bxg3
34. Qxg3+ *